000 00945nam a2200265 i 4500
001 8839
003 KOSZ 005
005 20210208090348.0
008 070708s1970 pl a f 001 0 pol
015 _aPB 1970/5695
040 _aWA N
_cWA N
_dKOSZ 005/RW
041 1 _apol
_heng
080 _a658.56:62
100 1 _aHalpin, James F.
_eAutor
245 1 0 _aZero defektów :
_bsystem pracy bezusterkowej /
_cJames F. Halpin ; [tł. z ang. Marian Feldman].
260 _aWarszawa :
_bPaństwowe Wydawnictwo Ekonomiczne,
_c1970.
300 _a375, [1] s., [3] k. tabl. :
_bil. ;
_c23 cm.
380 _aKsiążki.
504 _aIndeks.
650 4 _aZarządzanie jakością
710 2 _aPaństwowe Wydawnictwo Ekonomiczne
_4pbl.
700 1 _aFeldman, Marian
_d(1922- )
_eTłumaczenie
856 _uhttp://koha.tu.koszalin.pl/cgi-bin/koha/opac-detail.pl?biblionumber=8839
_yKatalog online BPK
942 _2UKD
_cKS
999 _c8839
_d8839